Bamboo for gardens /

Bibliographic Details
Main Author: Meredith, Ted
Format: Book
Language:English
Published: Portland, Or. : Timber Press, 2001.
Subjects:

MARC

Tag First Indicator Second Indicator Subfields
LEADER 00000pam a22000004a 4500
001 in00001659621
005 20151023101705.0
008 010411s2001 orua b 001 0 eng
010 |a  2001035236 
020 |a 0881925071 
035 |a (OCoLC)ocm46731251 
040 |a DLC  |c DLC  |d AGL  |d TXA  |d UtOrBLW 
042 |a pcc 
049 |a TXAM 
050 0 0 |a SB413.B2  |b M47 2001 
070 0 |a SB413.B2  |b M47 2001 
082 0 0 |a 635.9/349  |2 21 
100 1 |a Meredith, Ted. 
245 1 0 |a Bamboo for gardens /  |c Ted Jordan Meredith. 
264 1 |a Portland, Or. :  |b Timber Press,  |c 2001. 
300 |a 406 pages :  |b illustrations (chiefly color) ;  |c 27 cm. 
336 |a text  |b txt  |2 rdacontent 
337 |a unmediated  |b n  |2 rdamedia 
338 |a volume  |b nc  |2 rdacarrier 
504 |a Includes bibliographical references (pages 387-398) and index. 
650 0 |a Bamboo. 
994 |a E0  |b TXA 
948 |a cataloged  |b h  |c 2001/12/21  |d c  |e bwalker  |f 12:54:38 pm 
999 |a MARS 
999 f f |s 6e4e93c6-f7c4-3e55-864a-e7d711c65625  |i 147493d0-dd83-367d-9471-a5dc2497895a  |t 0 
952 f f |p ric  |a Texas A&M University  |b Rellis Campus  |c Joint Library Facility  |d Remote Storage  |t 0  |e SB413.B2 M47 2001  |h Library of Congress classification  |i unmediated -- volume  |m A14828473371 
998 f f |a SB413.B2 M47 2001  |t 0  |l Remote Storage